MARC

LEADER 00000nam0a2200000 4500
001 318919
005 20231102003127.0
035 |a (RuTPU)RU\TPU\book\344424 
035 |a RU\TPU\book\344071 
090 |a 318919 
100 |a 20160512d1897 km y0rusy50 ca 
101 0 |a rus 
102 |a UA 
105 |a a z 001zy 
200 1 |a Солнечное лучеиспускание  |h Ч. 3  |f М. Панченко 
210 |a Одесса  |c Типография А. Шульце  |d 1897 
215 |a 181 с.  |c ил. 
320 |a Библиография в ссылках 
606 1 |a Космические лучи, солнечные  |2 stltpush  |3 (RuTPU)RU\TPU\subj\15856  |9 42062 
610 1 |a солнечные лучи 
610 1 |a лучеиспускание 
610 1 |a фотоэлектрическая энергия 
610 1 |a ультрафиолетовые лучи 
610 1 |a наблюдения 
675 |a 524.1  |v 4 
700 1 |a Панченко  |b М. 
801 1 |a RU  |b 63413507  |c 20160427 
801 2 |a RU  |b 63413507  |c 20200625  |g RCR 
942 |c BK